One writer's beginnings / (Record no. 1689)

000 -LEADER
fixed length control field 01309nam a22003617a 4500
001 - CONTROL NUMBER
control field 461927
003 - CONTROL NUMBER IDENTIFIER
control field OSt
005 - DATE AND TIME OF LATEST TRANSACTION
control field 20210421080709.0
008 - FIXED-LENGTH DATA ELEMENTS--GENERAL INFORMATION
fixed length control field 830929s1984 mauacf 000 0aeng
010 ## - LIBRARY OF CONGRESS CONTROL NUMBER
LC control number 83018638
020 ## - INTERNATIONAL STANDARD BOOK NUMBER
International Standard Book Number 0674639251 (alk. paper)
040 ## - CATALOGING SOURCE
Original cataloging agency DLC
Language of cataloging eng
Transcribing agency DLC
Modifying agency DLC
-- OCoLC
-- DLC
041 ## - LANGUAGE CODE
Language code of text/sound track or separate title eng
050 00 - LIBRARY OF CONGRESS CALL NUMBER
Classification number PS3545.E6
Item number Z475 1984
080 ## - UNIVERSAL DECIMAL CLASSIFICATION NUMBER
Universal Decimal Classification number 92
Item number W-52
082 00 - DEWEY DECIMAL CLASSIFICATION NUMBER
Classification number 813/.52
-- B
Edition number 19
100 1# - MAIN ENTRY--PERSONAL NAME
Personal name Welty, Eudora,
Dates associated with a name 1909-2001.
245 10 - TITLE STATEMENT
Title One writer's beginnings /
Statement of responsibility, etc. Eudora Welty.
Remainder of title / by: Harvard University Press
260 ## - PUBLICATION, DISTRIBUTION, ETC.
Place of publication, distribution, etc. Cambridge, Mass.
Name of publisher, distributor, etc. Harvard University Press
Date of publication, distribution, etc. 1984.
300 ## - PHYSICAL DESCRIPTION
Extent 104 p., [11] p. of plates
Other physical details ill., ports.
Dimensions 24 cm.
365 ## - TRADE PRICE
Price amount 10 usd
440 #4 - SERIES STATEMENT/ADDED ENTRY--TITLE
Title The William E. Massey, Sr. lectures in the history of American civilization ;
Volume/sequential designation 1983
500 ## - GENERAL NOTE
General note Revised versions of 3 lectures delivered at Harvard University in Apr. 1983.
600 10 - SUBJECT ADDED ENTRY--PERSONAL NAME
Personal name Welty, Eudora,
Dates associated with a name 1909-2001
General subdivision Childhood and youth.
650 #0 - SUBJECT ADDED ENTRY--TOPICAL TERM
Topical term or geographic name entry element Authors, American
Chronological subdivision 20th century
Form subdivision Biography.
650 #0 - SUBJECT ADDED ENTRY--TOPICAL TERM
Topical term or geographic name entry element Biography
9 (RLIN) 237
651 #0 - SUBJECT ADDED ENTRY--GEOGRAPHIC NAME
Geographic name Mississippi
General subdivision Social life and customs.
653 ## - INDEX TERM--UNCONTROLLED
Uncontrolled term ბიოგრაფია
906 ## - LOCAL DATA ELEMENT F, LDF (RLIN)
a 7
b cbc
c orignew
d 1
e ocip
f 19
g y-gencatlg
942 ## - ADDED ENTRY ELEMENTS (KOHA)
Source of classification or shelving scheme
Koha item type Books
987 ## - LOCAL ROMANIZATION/CONVERSION HISTORY (OCLC)
Agency that converted, created or reviewed RBSCDRECON
Date of conversion or review 20200219
Status code r
Note AUTHORITY WORK NEEDED
Holdings
Withdrawn status Lost status Source of classification or shelving scheme Damaged status Not for loan Permanent location Current location Date acquired Inventory number Total Checkouts Full call number Barcode Date last seen Price effective from Koha item type
          Ken Walker International University Ken Walker International University 02/24/2021 1408   92 W-52 1408 02/24/2021 02/24/2021 Books

Powered by Koha